000 00520nam a2200181Ia 4500
008 220204s9999 xx 000 0 und d
020 _a3527311165
082 _a575.116(035)
_bMEK
100 _aKahl, Gunter
245 4 _aThe handbook of plant genome mapping: Genetic and physical mapping
260 _aWeinheim
_bWiley-VCH Verlag
_c2005
650 _aDNA fingerprinting
650 _aDNA sequencing
650 _aGenetic mapping
650 _aMolecular marker systems
700 _aMeksem, Khalid
942 _cBK
999 _c42484
_d42484